000
00225nam a2200097Ia 4500
005
20251222114347.0
008
251222s1900||||xx |||||||||||||| ||spa||
082
_a
DVD0092/A67/2003
245
0
_a
El árbol de la vida
942
_c
DVD
999
_c
1095
_d
1095